000 00642nam a2200217 i 4500
001 65900
003 ES-MaACL
005 20250822035135.0
007 t|
008 040123s1966 sp ||||1| spa d
100 1 _aFullat, Octavi (
_d1928-)
_953001
245 1 3 _aLa sexualidad carne y amor /
_cOctavi Fullat.
260 _aBarcelona :
_bNova Terra,
_c[1966]
300 _a286 p. ;
_c16 cm.
490 1 _aEl Grano de Mostaza ;
_v12
650 4 _aSexualidad.
_917078
650 7 _aPsicologĂ­a sexual
_2embne
_916572
830 0 _aEl Grano de Mostaza ;
_v12
_9183872
852 _aES-MaACL
_jC-28399
_bR.60587
999 _c65900
_d65900